02592nam a2200553Ia 45000010005000000080041000050100009000460410014000550820014000692450134000832600021002173000008002385200006002466300014002526300012002666300020002786300022002986300027003206500027003476900024003747000035003987000037004339010046004709020006005169030043005229040018005659050027005839060006006109070014006169080014006309090045006449100015006899110010007049120014007149130009007289140025007379150019007629160009007819170009007909180014007999190030008135201136008439210007019799220007019869230006019939240014019999420010020139990015020234308241029s9999 xx 000 0 und d a4052 aEspañol aNO APLICA 0aQué pasa con la Educación en Valores en la Universidad Adventista Dominicana, UNAD, de la República Dominicana, Año 2014. aMonseñor Nouel a113 a6 aActitudes aCalidad aConducta Humana aCrisis de Valores aEducación en Valores aEducación en Valores aCopiado sin cambios easesora Regla Vargas, María eautoraPolanco Espino, Rafaelito a{"1":"Polanco Espino"}b{"1":"Rafaelito"} a1 a{"1":" Regla Vargas"}b{"1":"María"} aMaestría en aDocencia Universitaria a2 aNO APLICA aNO APLICA aUniversidad Adventista Dominicana (UNAD) aNULLbNULL a["1"] aNO APLICA aNULL a01 de Agosto de 2014 a06/05/15 02:05 aNULL aNULL aNO APLICA a["6","28","46","50","75"] aEl objetivo de este estudio: Investigar qué pasa con la educación en valores en la Universidad Adventista Dominicana UNAD, de la República Dominicana, en el Periodo enero-septiembre,2014.Preguntas de investigación:¿Cuáles son los valores esenciales que se fundamenta en el quehacer de la educación superior dominicana?¿Cuál es la funcionalidad de los valores en la vida académica de los/as estudiantes del Nivel Superior?¿Qué está haciendo la Universidad Adventista Dominicana UNAD para fortalecer los valores en la población estudiantil?¿Cuáles serían las estrategias para lograr la incorporación de valores en un pueblo de Nivel Superior?¿Por qué se hace necesaria la integración de valores en el Nivel Superior?¿Cuál es la situación actual respecto a la integración de valores en la educación superior dominicana?Muestra: 14 administradores, 18 docentes y 150 estudiantes.Conclusiones: los valores que se imparten en esta institución se ven involucrados los administradores, los docentes y los estudiantes; par que continúe el desarrollo en esta alta casa de estudio superior.  a28 a28 a0 aNO APLICA cTesis c4052d4052